|
|
|
|
| LEADER |
00000cam a2200000 i 4500 |
| 001 |
1/26839 |
| 008 |
960209s1988 eng d |
| 020 |
|
|
|a 0860030687
|
| 035 |
|
|
|l 10022747
|
| 040 |
|
|
|a GR-MY-UA
|b gre
|e aacr
|
| 041 |
0 |
|
|a eng
|
| 082 |
0 |
|
|a 331
|
| 100 |
1 |
|
|a Fallon, Peter
|d 1946-
|
| 245 |
1 |
4 |
|a The economics of labour markets /
|c Peter Fallon & Donald Verry
|
| 260 |
|
|
|a Oxford [Oxfordshire] :
|a Atlantic Highlands, N.J. :
|b P. Allan,
|c 1988
|
| 300 |
|
|
|a xii, 317 p.;
|b ill.;
|c 25 cm
|
| 500 |
|
|
|a Includes index
|
| 504 |
|
|
|a Bibliography: p. 300-311
|
| 650 |
0 |
0 |
|a Labor economics.
|
| 650 |
0 |
0 |
|a Labor supply.
|
| 700 |
1 |
|
|a Verry, Donald.
|
| 852 |
|
|
|a INST
|b CHIOS
|e 19960209
|h 331 FAL
|p 005200001806
|q 005200001806
|t BK
|y 0
|
| 909 |
|
|
|a Χ
|b 024088
|